000 00356nam a22001577a 4500
003 SGT
020 _a9789354651212
082 _a618.92
_bP24G
100 _aGUPTA, PIYUSH
245 _aPG TB. OF PEDIATRICS 3 VOLUME SET
250 _a3RD
260 _aINDIA
_bJAYPEE PUB
_c2024
300 _a1218,2478,3619
650 _aPEDIATRICS
942 _2ddc
_cBK
999 _c30689
_d30689